El movimiento anarquista en China / (Record no. 139169)

MARC details
000 -LEADER
campo de control de longitud fija 00562nam a2200181 4500
001 - NÚMERO DE CONTROL
campo de control 139169
003 - IDENTIFICADOR DE NÚMERO DE CONTROL
campo de control ES-MaACL
007 - CAMPO FIJO DE DESCRIPCIÓN FÍSICA--INFORMACIÓN GENERAL
campo de control de longitud fija t|
008 - DATOS DE LONGITUD FIJA--INFORMACIÓN GENERAL
campo de control de longitud fija 070214s1975 sp r ||||1| spa d
100 1# - ENTRADA PRINCIPAL--NOMBRE DE PERSONA
Nombre de persona Scalpino, Robert A.
9 (RLIN) 104132
245 13 - MENCIÓN DEL TÍTULO
Título El movimiento anarquista en China /
Mención de responsabilidad, etc. Robert A. Scalpino y George T. Yu ; [traducción de Marcelo Covian].
260 ## - PUBLICACIÓN, DISTRIBUCIÓN, ETC.
Lugar de publicación, distribución, etc. Barcelona :
Nombre del editor, distribuidor, etc. Tusquets,
Fecha de publicación, distribución, etc. 1975.
300 ## - DESCRIPCIÓN FÍSICA
Extensión 125 p. ;
Dimensiones 18 cm.
700 1# - ENTRADA AGREGADA--NOMBRE PERSONAL
Nombre de persona Yu, George T.
9 (RLIN) 117723
700 1# - ENTRADA AGREGADA--NOMBRE PERSONAL
Nombre de persona Covian, Marcelo.
9 (RLIN) 180854
852 ## - LOCALIZACIÓN
Ubicación ES-MaACL
Número de control de estantería E-7921
Sublocalización o colección R.92257
Holdings
Estatus retirado Estado de pérdida Estado de daño No para préstamo Biblioteca de origen Biblioteca actual Ubicación en estantería Fecha de adquisición Fuente de adquisición Total de préstamos Signatura topográfica completa Código de barras Visto por última vez Precio de reemplazo Tipo de ítem Koha
        Biblioteca del Ateneo de Madrid Biblioteca del Ateneo de Madrid Depósito 2 17/01/2008     E-7921 1144823 23/02/2023 23/02/2023 Libro impreso